<?xml version="1.0" encoding="UTF-8"?>
<marc:record xmlns:marc="http://www.loc.gov/MARC21/slim">
   <marc:leader>00000nam a2200000 a 4500</marc:leader>
   <marc:datafield ind1="1" ind2=" " tag="100">
      <marc:subfield code="a">Buchanan, Eleanor</marc:subfield>
      <marc:subfield code="4">aut</marc:subfield>
      <marc:subfield code="e">Verfasser/-in</marc:subfield>
   </marc:datafield>
   <marc:datafield ind1="0" ind2="0" tag="245">
      <marc:subfield code="a">Die Meerglas-Schwestern</marc:subfield>
   </marc:datafield>
   <marc:datafield ind1="0" ind2="0" tag="245">
      <marc:subfield code="b">Roman</marc:subfield>
   </marc:datafield>
   <marc:datafield ind1=" " ind2="1" tag="264">
      <marc:subfield code="b">Blanvalet</marc:subfield>
      <marc:subfield code="c">2026</marc:subfield>
   </marc:datafield>
   <marc:datafield ind1="1" ind2=" " tag="520">
      <marc:subfield code="a">Skara um 2800 vor Chr.: Vier Schwestern werden von einer Landzunge in den schottischen Highlands entführt und bleiben für immer verschollen. Nur vier aufragende Steine und ein Fluch erinnern an sie. Skara im Jahr 1931: Charles Blackmore lässt die Steine umwerfen und bringt damit großes Leid über seine Familie. 2025 verlässt Roz Australien in Richtung United Kingdom. Aus der Flucht vor ihrem gewalttätigen Stiefvater wird eine Reise in die Vergangenheit ihrer Familie, die mit einer der vier Blackmore-Schwestern untrennbar verbunden scheint. Die mitreißend geschriebene Story um die geheimnisvollen Steine und die vier Schwestern wird die Lesenden rasch in ihren Bann ziehen. Vergangenheit und Gegenwart verbinden sich zu einem stimmigen Ganzen, entführen an exotische Orte, mystische Küstenstreifen und beinhalten auch eine Liebesgeschichte. Immer dabei an der Hand der jeweiligen Protagonistin ist einer der vier Ringe mit blauem Edelstein, der für seine Trägerin große Symbolkraft hat.</marc:subfield>
   </marc:datafield>
   <marc:datafield ind1=" " ind2=" " tag="020">
      <marc:subfield code="a">9783734115547</marc:subfield>
      <marc:subfield code="9">9783734115547</marc:subfield>
   </marc:datafield>
</marc:record>
